Trash TV: Wer hat's gesagt - Statistiken

Allgemein
  • Dieses Quiz wurde 27 mal gespielt
  • Das Durchschnittsergebnis liegt bei 4 aus 9
Antwortstatistiken
Hint Antwort % Korrekt
Peinlicccccccch Ariel
90%
Hascht du Blatt auf Papier? Luigi Birofio
85%
Du bist die König der Schmetterlinge aber ich habe dich wie eine Motte behandelt. Alex Petrovic
80%
Wen du aussteckst musst du auch einstecken können. Maurice Dziwak
45%
Da ging der Schuss von hinten los! Kader Loth
25%
Von 0 auf 100 direkt auf die Palme geht. Walentina Doronina
15%
Das Letzte kommt ja angeblich immer zum Schluss. Laura Morante
10%
The show must goes on. Nadja Großmann
5%
Ich bin auch kein trauriges Blatt. Paddy
5%
Keine übereinstimmenden Quizze gefunden
Verteilung der Resultate
Anzahl Personen mit jedem Resultat
Perzentil nach korrekt beantworteten Fragen
Ihre Resultats-Entwicklung
Sie haben dieses Quiz noch nicht gespielt